| 000 | 00629nam a2200193 i 4500 | ||
|---|---|---|---|
| 001 | 14084 | ||
| 003 | ES-MaACL | ||
| 005 | 20251120063122.0 | ||
| 007 | t| | ||
| 008 | 980928s1996 xxu |||| |dspa d | ||
| 020 | _a0-927534-58-4 | ||
| 080 | _a821.134.2(73=1.72)-31"19" | ||
| 100 | 1 |
_aMéndez, Miguel, _d1930- _980130 |
|
| 245 | 1 | 0 |
_aEntre letras y ladrillos _b: autobiografía novelada / _cMiguel Méndez. |
| 260 |
_aTempe, Arizona : _bBilingual Press = Editorial Bilingüe, _c[1996] |
||
| 300 |
_a120 p. ; _c22 cm. |
||
| 852 |
_aES-MaACL _jL-21393 _z. - Dedicatoria autógrafa del autor |
||
| 999 |
_c14084 _d14084 |
||